[Event "aut_ychg14 St. Georgen"]
[Site "?"]
[Date "2007.??.??"]
[Round "6.1"]
[White "Berghofer, Anja"]
[Black "Froewis, Annika"]
[Result "0-1"]
[WhiteElo "1502"]
[BlackElo "1785"]
[PlyCount "80"]
[EventDate "2007.05.26"]

1. e4 e5 2. Nf3 Nc6 3. d4 exd4 4. Nxd4 Bc5 5. Nxc6 Qf6 6. Qd2 dxc6 7. Bd3 Bd7
8. O-O O-O-O 9. Qg5 Qxg5 10. Bxg5 f6 11. Bd2 Ne7 12. b4 Bd6 13. a4 Ng6 14. Na3
Ne5 15. Be2 Rhe8 16. c4 Be6 17. Bc3 Ng4 18. h3 Be5 19. Bxe5 Nxe5 20. Rfd1 f5
21. exf5 Bxf5 22. Rxd8+ Rxd8 23. Rd1 Rxd1+ 24. Bxd1 Kd7 25. f4 Nd3 26. Be2 Bg6
27. Bxd3 Bxd3 28. g4 a6 29. a5 b5 30. c5 Ke6 31. Kf2 Kd5 32. Ke3 Be4 33. h4 g6
34. h5 gxh5 35. gxh5 h6 36. Kd2 Kd4 37. Nc2+ Bxc2 38. Kxc2 Ke4 39. Kc3 Kxf4 40.
Kd4 Kf5 0-1

[Event "aut_ychg14 St. Georgen"]
[Site "?"]
[Date "2007.??.??"]
[Round "6.2"]
[White "Kessler, Michaela"]
[Black "Bauer, Marie-Christine"]
[Result "1-0"]
[WhiteElo "1619"]
[BlackElo "1701"]
[PlyCount "72"]
[EventDate "2007.05.26"]

1. e4 c5 2. Nc3 Nc6 3. Nge2 d6 4. g3 g6 5. d4 cxd4 6. Nxd4 Bg7 7. Be3 Nf6 8. h3
O-O 9. Bg2 Rb8 10. O-O Ne5 11. Qe2 b6 12. f4 Ned7 13. Nc6 Qc7 14. Nxb8 Qxb8 15.
Kh2 Nc5 16. Rfd1 Ba6 17. Qf2 Nfd7 18. Nd5 Re8 19. Rab1 Qc8 20. Qd2 Na4 21. c3
Bb5 22. Rdc1 a5 23. b3 Nac5 24. c4 Ba6 25. Bd4 Bh6 26. Rd1 Bb7 27. Nc3 Ne6 28.
Be3 Nec5 29. Nd5 Bg7 30. a3 a4 31. bxa4 Bxd5 32. cxd5 Nxa4 33. Bd4 Bh6 34. Rdc1
Qa6 35. Bf1 Qa8 36. Bb5 Nf6 1-0

[Event "aut_ychg14 St. Georgen"]
[Site "?"]
[Date "2007.??.??"]
[Round "6.3"]
[White "Anker, Christin"]
[Black "Krivda, Manuela"]
[Result "1-0"]
[WhiteElo "1593"]
[BlackElo "1412"]
[PlyCount "49"]
[EventDate "2007.05.26"]

1. e4 c5 2. Nf3 d6 3. d4 cxd4 4. Nxd4 Nf6 5. Nc3 g6 6. Be3 Bg7 7. f3 O-O 8. Qd2
Nc6 9. Bc4 Bd7 10. O-O-O a6 11. Bb3 Rc8 12. g4 Na5 13. h4 Nc4 14. Bxc4 Rxc4 15.
h5 Re8 16. hxg6 fxg6 17. Qh2 b5 18. Nd5 e5 19. Nxf6+ Qxf6 20. Nb3 Qxf3 21.
Qxh7+ Kf7 22. Rdf1 Qxf1+ 23. Rxf1+ Ke7 24. Bg5+ Ke6 25. Qxg6+ 1-0

[Event "aut_ychg14 St. Georgen"]
[Site "?"]
[Date "2007.??.??"]
[Round "6.4"]
[White "Steininger, Sandra"]
[Black "Windhager, Vanessa"]
[Result "1-0"]
[WhiteElo "1582"]
[BlackElo "1200"]
[PlyCount "77"]
[EventDate "2007.05.26"]

1. d4 d5 2. c4 dxc4 3. e3 Bf5 4. Bxc4 Nf6 5. Nc3 e6 6. Qb3 b6 7. Nf3 Nc6 8. Bb5
Qd6 9. Ne5 Nd7 10. Bxc6 Rb8 11. Bxd7+ Kd8 12. Nc6+ Kxd7 13. Nxb8+ Kc8 14. Na6
c5 15. Nb5 Qd5 16. Qxd5 exd5 17. dxc5 Bxc5 18. Nxc5 bxc5 19. Nxa7+ Kc7 20. Nb5+
Kc6 21. Nc3 d4 22. exd4 cxd4 23. Nd1 d3 24. Be3 Kd5 25. Nc3+ Kc4 26. Kd2 Ra8
27. Rac1 Rb8 28. b3+ Kb4 29. Rhe1 f6 30. Bf4 Rc8 31. Re7 Rg8 32. Nd5+ Kb5 33.
Rb7+ Ka6 34. Rb8 Ka7 35. Rxg8 Ka6 36. Rb8 Be4 37. Rc7 Bxd5 38. Be3 g5 39. Ra7#
1-0

[Event "aut_ychg14 St. Georgen"]
[Site "?"]
[Date "2007.??.??"]
[Round "6.5"]
[White "Wunderl, Eva"]
[Black "Jost, Corinna"]
[Result "1-0"]
[WhiteElo "1475"]
[BlackElo "1248"]
[PlyCount "61"]
[EventDate "2007.05.26"]

1. e4 e5 2. Nf3 Nc6 3. d4 exd4 4. Bc4 Nf6 5. e5 Ng4 6. O-O d6 7. h3 Ngxe5 8.
Re1 Be6 9. Bxe6 fxe6 10. Nxd4 Nxd4 11. Qxd4 Qd7 12. Nc3 O-O-O 13. Qxa7 Qc6 14.
Qe3 Re8 15. a4 Be7 16. Qe2 Bf6 17. Nb5 Qd7 18. Be3 c6 19. Nc3 d5 20. a5 Qc7 21.
Bf4 Rhf8 22. Bxe5 Bxe5 23. Qxe5 Qf7 24. Qg3 Qf6 25. a6 Qe7 26. axb7+ Qxb7 27.
Ra3 Qxb2 28. Rea1 g6 29. Ra8+ Kd7 30. R1a7+ Qb7 31. Rxb7# 1-0

[Event "aut_ychg14 St. Georgen"]
[Site "?"]
[Date "2007.??.??"]
[Round "6.6"]
[White "Steiner, Lucia"]
[Black "Krassnitzer, Maria"]
[Result "1/2-1/2"]
[WhiteElo "1473"]
[BlackElo "1267"]
[PlyCount "44"]
[EventDate "2007.05.26"]

1. e4 e5 2. Nf3 Nc6 3. Bb5 a6 4. Bxc6 dxc6 5. O-O f6 6. h3 Bd6 7. Nc3 Be6 8. d3
c5 9. Re1 Qd7 10. Be3 b6 11. Ne2 O-O-O 12. c3 Kb7 13. d4 c4 14. dxe5 fxe5 15.
Ng5 Nf6 16. Nxe6 Qxe6 17. Qc2 h6 18. Rad1 Rd7 19. Ng3 Rhd8 20. Nf5 Bf8 21. Rxd7
Rxd7 22. b3 Rd3 1/2-1/2

[Event "aut_ychg14 St. Georgen"]
[Site "?"]
[Date "2007.??.??"]
[Round "7.1"]
[White "Froewis, Annika"]
[Black "Steininger, Sandra"]
[Result "1-0"]
[WhiteElo "1785"]
[BlackElo "1582"]
[PlyCount "69"]
[EventDate "2007.05.26"]

1. e4 c5 2. Nf3 Nc6 3. d4 cxd4 4. Nxd4 g6 5. Nc3 Bg7 6. Be3 Nf6 7. Bc4 Qa5 8.
f3 Qb4 9. Bb3 Nxe4 10. Nxc6 Bxc3+ 11. Ke2 Qb5+ 12. Qd3 Qxd3+ 13. Kxd3 dxc6 14.
bxc3 Nd6 15. Bd4 O-O 16. g4 Rd8 17. a4 b6 18. Ke2 Ba6+ 19. Kf2 Rac8 20. a5 Bb5
21. axb6 axb6 22. Bxb6 Rd7 23. Bc5 Nc4 24. Rhd1 Rdc7 25. Rd4 e5 26. Rxc4 Bxc4
27. Bxc4 Rd7 28. Ke3 Kg7 29. h4 h6 30. Bd3 Rdd8 31. Ra7 Ra8 32. Rxa8 Rxa8 33.
Bd6 Re8 34. c4 f6 35. h5 1-0

[Event "aut_ychg14 St. Georgen"]
[Site "?"]
[Date "2007.??.??"]
[Round "7.2"]
[White "Windhager, Vanessa"]
[Black "Kessler, Michaela"]
[Result "0-1"]
[WhiteElo "1200"]
[BlackElo "1619"]
[PlyCount "110"]
[EventDate "2007.05.26"]

1. e4 c6 2. d4 d5 3. e5 Bf5 4. Nf3 e6 5. c3 Nd7 6. Bf4 Qb6 7. b4 a5 8. Qa4 Ra7
9. b5 Ne7 10. Nbd2 c5 11. Be2 c4 12. O-O Qc7 13. Nh4 Ng6 14. Nxf5 Nxf4 15. Ng3
Nxe2+ 16. Nxe2 Nb6 17. Qd1 a4 18. Nf4 Ra5 19. Qh5 g6 20. Qg5 Nd7 21. h4 Rxb5
22. h5 Qd8 23. Qxd8+ Kxd8 24. hxg6 hxg6 25. Nf3 Be7 26. g4 g5 27. Ne2 Rb2 28.
Rfe1 Kc7 29. Kf1 Rh1+ 30. Neg1 Nf8 31. Reb1 Rxb1+ 32. Rxb1 Ng6 33. Kg2 Rh8 34.
Nd2 Nf4+ 35. Kg3 Ra8 36. Nh3 Ne2+ 37. Kf3 Nxc3 38. Rb2 Kc6 39. Rc2 Nb5 40. Ke3
Rh8 41. Ng1 Rh4 42. Kf3 Nxd4+ 43. Kg3 Nxc2 44. f4 gxf4+ 45. Kxf4 Rh8 46. Ngf3
Kb5 47. Ng5 Bxg5+ 48. Kxg5 Nd4 49. Kf6 Rg8 50. Kxf7 Rxg4 51. Ke7 Rg2 52. Nf1
Rb2 53. Ng3 c3 54. Nh5 c2 55. Ng7 c1=Q 0-1

[Event "aut_ychg14 St. Georgen"]
[Site "?"]
[Date "2007.??.??"]
[Round "7.3"]
[White "Anker, Christin"]
[Black "Berghofer, Anja"]
[Result "1/2-1/2"]
[WhiteElo "1593"]
[BlackElo "1502"]
[PlyCount "21"]
[EventDate "2007.05.26"]

1. e4 c5 2. Nf3 Nc6 3. d4 cxd4 4. Nxd4 Nf6 5. Nc3 e5 6. Ndb5 d6 7. Nd5 Nxd5 8.
exd5 Ne7 9. c4 a6 10. Qa4 Kd7 11. Nc3+ 1/2-1/2

[Event "aut_ychg14 St. Georgen"]
[Site "?"]
[Date "2007.??.??"]
[Round "7.4"]
[White "Bauer, Marie-Christine"]
[Black "Jost, Corinna"]
[Result "1-0"]
[WhiteElo "1701"]
[BlackElo "1248"]
[PlyCount "49"]
[EventDate "2007.05.26"]

1. e4 e5 2. Nf3 Nc6 3. d4 exd4 4. Nxd4 Nf6 5. Nc3 Bb4 6. Nxc6 bxc6 7. Bd3 d6 8.
O-O O-O 9. Ne2 Be6 10. c3 Bc5 11. Bg5 h6 12. Bh4 Rb8 13. b3 d5 14. e5 g5 15.
Bxg5 hxg5 16. exf6 Qxf6 17. Nd4 Bxd4 18. cxd4 Bf5 19. Bxf5 Qxf5 20. Rc1 Rb6 21.
Re1 Qd7 22. Qh5 Rbb8 23. Qxg5+ Kh8 24. Re3 Rg8 25. Qh6# 1-0

[Event "aut_ychg14 St. Georgen"]
[Site "?"]
[Date "2007.??.??"]
[Round "7.5"]
[White "Krassnitzer, Maria"]
[Black "Wunderl, Eva"]
[Result "0-1"]
[WhiteElo "1267"]
[BlackElo "1475"]
[PlyCount "64"]
[EventDate "2007.05.26"]

1. e4 e5 2. Nf3 Nc6 3. Bc4 Bc5 4. O-O Nf6 5. d3 d6 6. Nc3 Bg4 7. h3 Bh5 8. a3
Nd4 9. g4 Bg6 10. b4 Nxf3+ 11. Qxf3 Bd4 12. Bb2 Qe7 13. Rab1 O-O-O 14. Nd5 Nxd5
15. Bxd4 Nb6 16. Bc3 h5 17. Bd2 Kb8 18. Bb3 Qh4 19. g5 f6 20. Qg3 Qxg3+ 21.
fxg3 Rhf8 22. gxf6 gxf6 23. a4 f5 24. a5 Nc8 25. b5 fxe4 26. Rxf8 Rxf8 27. dxe4
Bxe4 28. a6 b6 29. Be3 Rf3 30. Re1 Rxg3+ 31. Kh2 Rg2+ 32. Kh1 Re2+ 0-1

[Event "aut_ychg14 St. Georgen"]
[Site "?"]
[Date "2007.??.??"]
[Round "7.6"]
[White "Krivda, Manuela"]
[Black "Steiner, Lucia"]
[Result "1/2-1/2"]
[WhiteElo "1412"]
[BlackElo "1473"]
[PlyCount "70"]
[EventDate "2007.05.26"]

1. e4 e5 2. Nf3 Nc6 3. d4 exd4 4. Nxd4 Qf6 5. Nxc6 Qxc6 6. Bd3 Nf6 7. Nc3 Bb4
8. Bd2 a6 9. Qe2 O-O 10. O-O-O Qe6 11. Kb1 b5 12. Qe3 c5 13. a3 Bxc3 14. Bxc3
c4 15. Be2 Rd8 16. Bf3 Bb7 17. Rhe1 Bc6 18. Qf4 Rdb8 19. Bxf6 Qxf6 20. Qxf6
gxf6 21. c3 a5 22. Bg4 Rd8 23. Rd6 Kg7 24. f3 Rab8 25. Red1 Rb7 26. Kc2 b4 27.
Rb1 bxc3 28. Kxc3 Bb5 29. Rd5 d6 30. Rbd1 Rb6 31. f4 Kf8 32. g3 Ke7 33. Be2 Rc8
34. R1d2 a4 35. Rh5 Rh8 1/2-1/2